000 00388nam a2200121Ia 4500
008 231129s2011||||xx |||||||||||||| ||spa||
082 _aER- 591
100 _aTorres Londoño Ruby
245 0 _aAquellas heroí­nas y mártires olvidadas de la independencia y mujeres notables a través del tiempo
260 _c2011
264 _aPereira: Gráficas Metropolitana 2011
942 _2ddc
_cBKS
999 _c5520
_d5520